[Event "Open Aubagne 2024/25"]
[Site "Aubagne"]
[Date "2025.01.26"]
[Round "7.12"]
[White "Moerenhout, Jean Claude"]
[Black "Gomez, Guy"]
[Result "0-1"]
[WhiteElo "1540"]
[BlackElo "1649"]
[PlyCount "92"]
[WhiteTeam "Cercle d'Echecs Aubagnais"]
[BlackTeam "Cercle d'Echecs Aubagnais"]

1. e4 e6 2. d4 d5 3. exd5 exd5 4. Nf3 Nf6 5. h3 Bd6 6. Bd3 Nbd7 7. O-O O-O 8.
Nc3 c6 9. a4 b6 10. Bd2 Bb7 11. Ne2 Ne4 12. Be1 Ndf6 13. a5 Qc7 14. a6 Bc8 15.
c3 h5 16. Bd2 Bf5 17. Re1 Nxf2 18. Kxf2 Bxd3 19. Bg5 Bxe2 20. Rxe2 Ne4+ 21. Kg1
f6 22. Be3 Rae8 23. Bf2 g5 24. Qc2 Qg7 25. Rae1 Re7 26. c4 Rfe8 27. cxd5 cxd5
28. Qc6 Qf7 29. Nd2 Nxd2 30. Rxe7 Bxe7 31. Qb7 Ne4 32. Qxa7 Qe6 33. Qb7 Bb4 34.
a7 Bxe1 35. Bxe1 Nd6 36. Qb8 Qxe1+ 37. Kh2 Qa5 38. Qxd6 Qxa7 39. Qxf6 Qb8+ 40.
Kg1 Qf4 41. Qg6+ Kf8 42. Qh6+ Ke7 43. Qxh5 Kd8 44. Qd1 Qe3+ 45. Kh2 Re4 46. Qf1
Rf4 0-1

[Event "Open Aubagne 2024/25"]
[Site "Aubagne"]
[Date "2025.01.26"]
[Round "7.14"]
[White "Proud'Hon, Gabriel"]
[Black "Roganova, Jeremy"]
[Result "1-0"]
[WhiteElo "1796"]
[BlackElo "1439"]
[PlyCount "69"]
[WhiteTeam "Hay Chess"]
[BlackTeam "Cercle d'Echecs Aubagnais"]

1. e4 c5 2. Nf3 d6 3. d4 cxd4 4. Nxd4 Nf6 5. Nc3 a6 6. f3 e5 7. Nb3 Be7 8. Be3
Be6 9. Qd2 O-O 10. O-O-O Nbd7 11. g4 b5 12. g5 Nh5 13. Nd5 Bxd5 14. exd5 Nb6
15. Na5 Nc4 16. Nxc4 bxc4 17. Bxc4 Nf4 18. h4 Nh5 19. Rdg1 Qc7 20. Bb3 a5 21.
a4 Rab8 22. Kb1 Rfc8 23. Rh2 Qd7 24. Rf2 Rb4 25. f4 f6 26. fxe5 fxe5 27. g6
hxg6 28. Rxg6 Bxh4 29. Rh2 Qf5 30. Rxd6 Bg3 31. Rb6 Rxb6 32. Bxb6 Bxh2 33. d6+
Kf8 34. d7 Rd8 35. Qd6# 1-0

[Event "Open Aubagne 2024/25"]
[Site "Aubagne"]
[Date "2025.01.26"]
[Round "7.16"]
[White "Bouidh, Sonia"]
[Black "Portes, Daniel"]
[Result "1-0"]
[WhiteElo "1487"]
[BlackElo "1399"]
[PlyCount "73"]
[WhiteTeam "Marseille Passion Echecs"]
[BlackTeam "Hay Chess"]

1. e4 c5 2. Nf3 d6 3. Be2 Nf6 4. Nc3 a6 5. d3 Nc6 6. Bg5 e6 7. O-O Be7 8. Re1
O-O 9. d4 cxd4 10. Nxd4 Nxd4 11. Qxd4 e5 12. Qe3 g6 13. Rad1 Ng4 14. Bxg4 Bxg5
15. Qg3 Bxg4 16. Qxg4 Rc8 17. Re2 Re8 18. Nd5 Kg7 19. g3 h5 20. Qf3 Rc6 21. Qb3
Qd7 22. Rf1 h4 23. Kg2 Qg4 24. f3 Qd7 25. f4 exf4 26. Nxf4 Rh8 27. Qf3 hxg3 28.
Qxg3 Bxf4 29. Rxf4 Qe6 30. h4 Rh5 31. Qf3 Rcc5 32. Rf2 f5 33. exf5 Rhxf5 34.
Qxb7+ Kh6 35. Qf3 Rxf4 36. Qxf4+ Kg7 37. Qf8+ 1-0

[Event "Open Aubagne 2024/25"]
[Site "Aubagne"]
[Date "2025.01.26"]
[Round "7.19"]
[White "Belaid, Myriam"]
[Black "Turpin, Isabelle"]
[Result "0-1"]
[WhiteElo "1399"]
[BlackElo "1441"]
[PlyCount "82"]
[WhiteTeam "Cercle d'Echecs Aubagnais"]
[BlackTeam "Cercle d'Echecs Aubagnais"]

1. c4 e5 2. d3 c6 3. Nc3 Nf6 4. Nf3 Qc7 5. g3 d5 6. cxd5 cxd5 7. d4 e4 8. Bf4
Qb6 9. Nd2 Qxb2 10. Na4 Qb5 11. e3 Qa5 12. Bg2 Bb4 13. Rc1 Bd7 14. Ke2 O-O 15.
Re1 Bxa4 16. Nb3 Bxb3 17. Qxb3 Bxe1 18. Rxe1 Nc6 19. Qxb7 Qxa2+ 20. Kf1 Qc4+
21. Kg1 Qc2 22. f3 Na5 23. Qb4 Nc4 24. fxe4 Nxe4 25. Qb1 Qf2+ 26. Kh1 g5 27.
Bc7 Ncd2 28. Qd1 Nc3 29. Qc1 Nde4 30. Rf1 Qe2 31. Bf3 Nf2+ 32. Kg1 Qxf3 33.
Rxf2 Ne2+ 34. Kf1 Qh1+ 35. Kxe2 Qxc1 36. Be5 Rac8 37. Kf3 f6 38. Bd6 Rfe8 39.
h4 Qd1+ 40. Kg2 g4 41. Kh2 Rc1 0-1

[Event "Open Aubagne 2024/25"]
[Site "Aubagne"]
[Date "2025.01.26"]
[Round "7.21"]
[White "Giraudoux Lognos, Lina"]
[Black "Pretini, Augustin"]
[Result "1/2-1/2"]
[WhiteElo "1399"]
[BlackElo "1484"]
[PlyCount "91"]
[WhiteTeam "Cercle d'Echecs Aubagnais"]
[BlackTeam "Cercle d'Echecs Aubagnais"]

1. c4 e5 2. Nc3 Nc6 3. Nf3 Nf6 4. d3 d5 5. cxd5 Nxd5 6. e4 Ndb4 7. a3 Nxd3+ 8.
Bxd3 Bg4 9. h3 Bh5 10. O-O Nd4 11. Re1 Qf6 12. Nd5 Qd6 13. Be2 Nxe2+ 14. Qxe2
f5 15. Qb5+ c6 16. Qxb7 Rb8 17. Nc7+ Kd7 18. Qxb8 Qxc7 19. Nxe5+ Kd6 20. Qxc7+
Kxc7 21. exf5 Bd6 22. Nc4 Bc5 23. Bf4+ Kb7 24. Nd6+ Kb6 25. Rac1 Rd8 26. Nc4+
Kb5 27. Nd6+ Bxd6 28. Bxd6 Rxd6 29. Re5+ Kb6 30. f6 Bf7 31. fxg7 Rg6 32. Rec5
Bd5 33. b4 Rxg2+ 34. Kf1 Rxg7 35. b5 Bg2+ 36. Ke1 Re7+ 37. Kd2 Re6 38. bxc6
Bxc6 39. R5c3 Rf6 40. Rxc6+ Rxc6 41. Rxc6+ Kxc6 42. f4 Kd6 43. Ke3 Ke6 44. Ke4
Kf6 45. h4 h5 46. a4 1/2-1/2

[Event "Open Aubagne 2024/25"]
[White "Kuntz, Tom"]
[Black "Madi, Walid"]
[Site "AubagneGNE"]
[Round "7.1"]
[Board "1"]
[Result "0-1"]
[Date "2025.01.25"]
[WhiteElo "1857"]
[BlackElo "1789"]
[PlyCount "80"]
[GameId "2139163137397325"]
[WhiteTeam "Marseille Passion Echecs"]
[BlackTeam "Cercle d'Echecs Aubagnais"]

1. e4 c5 2. Nf3 d6 3. Nc3 Nf6 4. d4 cxd4 5. Nxd4 a6 6. f4 e6 7. Qf3 Qc7 8. Be3 b5 9. Bd3 Nbd7 10. g4 Nc5 11. g5 b4 12. Ncb5 axb5 13. gxf6 Nxd3+ 14. cxd3 gxf6 15. Nxb5 Qd7 16. Nd4 Bb7 17. Ne2 Qb5 18. Bd2 f5 19. Rg1 Be7 20. Qe3 Bh4+ 21. Ng3 fxe4 22. dxe4 Bf6 23. Qb3 Bd4 24. Be3 Qb6 25. Kd2 Rc8 26. Rac1 Ke7 27. a3 h5 28. Ne2 Bc5 29. e5 Rhd8 30. Bxc5 dxc5+ 31. Ke1 Ba6 32. Rd1 Rxd1+ 33. Kxd1 Rd8+ 34. Ke1 Rd3 35. Qc2 bxa3 36. bxa3 Qa5+ 37. Kf2 Rd2 38. Qb3 Rxe2+ 39. Kg3 Qd2 40. Kh4 Qxf4+ 0-1

[Event "Open Aubagne 2024/25"]
[White "Hammami, Hakim"]
[Black "Vrillet, Loan"]
[Site "AubagneGNE"]
[Round "7.5"]
[Board "5"]
[Result "0-1"]
[Date "2025.01.25"]
[WhiteElo "1787"]
[BlackElo "1756"]
[PlyCount "62"]
[GameId "2139158488576368"]
[WhiteTeam "Cercle d'Echecs Aubagnais"]
[BlackTeam "Cercle d'Echecs Aubagnais"]

1. e4 e5 2. Nf3 Nc6 3. Bb5 Nf6 4. O-O Be7 5. Re1 d6 6. d4 exd4 7. Nxd4 Bd7 8. Nc3 O-O 9. Bg5 h6 10. Bxf6 Bxf6 11. Nf5 Bxc3 12. bxc3 Qf6 13. Nd4 Rfe8 14. Qd2 Re7 15. Re3 Rae8 16. Rae1 Ne5 17. Bf1 Qg5 18. Qd1 Ng6 19. Rg3 Qh4 20. Nf3 Qf6 21. Qd3 Nf4 22. Qc4 Bc6 23. Bd3 d5 24. Qd4 Qxd4 25. Nxd4 dxe4 26. Nf5 exd3 27. Nxe7+ Rxe7 28. Rxe7 d2 29. Rge3 d1=Q+ 30. Re1 Qxc2 31. Rxc7 Nd3 0-1

[Event "Open Aubagne 2024/25"]
[White "Camus, Evan"]
[Black "Engles, Baptiste"]
[Site "AubagneGNE"]
[Round "7.7"]
[Board "7"]
[Result "1/2-1/2"]
[Date "2025.01.25"]
[WhiteElo "1437"]
[BlackElo "1654"]
[PlyCount "70"]
[GameId "2139157355409761"]
[WhiteTeam "Hay Chess"]
[BlackTeam "Hay Chess"]

{[%evp 0,70,40,26,27,0,9,12,12,19,19,-3,8,-1,5,-3,-17,-9,-9,-15,-24,-16,-25,-24,-31,-21,8,18,26,22,13,13,65,-140,-140,-167,-63,-58,-75,-81,-82,-75,-66,-66,-41,-52,8,7,7,7,7,18,12,13,11,11,11,12,25,8,10,5,6,4,4,4,0,1,4,2,0,0,0]} 1. Nf3 d5 2. c4 e6 3. d4 Nf6 4. Nc3 Be7 5. g3 O-O 6. Bg2 Nbd7 7. Qb3 Nb6 8. c5 Nc4 9. Nd2 Nxd2 10. Bxd2 c6 11. O-O b6 12. Na4 bxc5 13. Nxc5 Nd7 14. Nd3 Rb8 15. Qa4 Qb6 16. e4 Ba6 17. Ba5 Qb5 18. Qxb5 Bxb5 19. Rfd1 Bxd3 20. Rxd3 Rxb2 21. Rc3 Rb5 22. Bc7 Rc8 23. Rxc6 Ba3 24. exd5 exd5 25. Bh3 Rb7 26. Bxd7 Rcxc7 27. Bc8 Rxc6 28. Bxb7 Rc4 29. Rd1 Bb2 30. Bxd5 Rxd4 31. Rxd4 Bxd4 32. Kg2 Kf8 33. f4 Ke7 34. Kf3 f5 35. h3 Kd6 1/2-1/2

[Event "Open Aubagne 2024/25"]
[White "Madi, Chahinez"]
[Black "Khojasteh, Armand"]
[Site "AubagneGNE"]
[Round "7.9"]
[Board "9"]
[Result "1-0"]
[Date "2025.01.25"]
[WhiteElo "1798"]
[BlackElo "1575"]
[PlyCount "114"]
[GameId "2139165672686172"]
[WhiteTeam "Cercle d'Echecs Aubagnais"]
[BlackTeam "Club Provence Echecs"]

1. e4 d5 2. exd5 Nf6 3. c4 e6 4. dxe6 Bxe6 5. d4 Bb4+ 6. Nc3 Ne4 7. Qd3 Bf5 8. Qe3 O-O 9. Nge2 Re8 10. Qf3 Qd7 11. h3 Nxc3 12. bxc3 Be4 13. Qg3 Bd6 14. Qg5 Bd3 15. c5 Bf8 16. Qd2 Qb5 17. a4 Qc4 18. Qb2 Nc6 19. Be3 Na5 20. Rd1 c6 21. Qb4 Bxe2 22. Bxe2 Rxe3 23. fxe3 Qe6 24. Qxa5 Qxe3 25. c4 Re8 26. Qd2 Qg3+ 27. Kf1 Re3 28. Rg1 Be7 29. Bf3 Bg5 30. Qf2 Qf4 31. Bg4 Qe4 32. Qf5 Bh4 33. Qc8+ Qe8 34. Qxe8+ Rxe8 35. g3 Bf6 36. Kg2 g6 37. Kf3 h5 38. Bxh5 gxh5 39. d5 Re5 40. Kf4 cxd5 41. cxd5 Kg7 42. Rge1 Rg5 43. d6 Kg6 44. d7 Rf5+ 45. Ke3 Bd8 46. Kd4 Bf6+ 47. Kc4 Bd8 48. Re8 Ba5 49. d8=Q Bxd8 50. Rexd8 h4 51. gxh4 b6 52. cxb6 axb6 53. R8d6+ f6 54. Rxb6 Rf4+ 55. Rd4 Rf2 56. a5 Rc2+ 57. Kd5 Kh5 {-suite de la partie illisible...} 1-0

[Event "Open Aubagne 2024/25"]
[White "Autouard, Jean-Luc"]
[Black "Engles, Pierre"]
[Site "AubagneGNE"]
[Round "7.11"]
[Board "11"]
[Result "0-1"]
[Date "2025.01.25"]
[WhiteElo "1561"]
[BlackElo "1649"]
[PlyCount "63"]
[GameId "2139154966675750"]
[WhiteTeam "Cercle d'Echecs Aubagnais"]
[BlackTeam "Hay Chess"]

1. e4 c5 2. Nc3 e6 3. Nf3 a6 4. Be2 d5 5. exd5 exd5 6. d4 Nf6 7. O-O Be7 8. Ne5 O-O 9. f4 b6 10. Be3 Bb7 11. Nf3 Nc6 12. Kh1 Re8 13. Ne5 Ne4 14. Nxe4 dxe4 15. d5 Nxe5 16. fxe5 Qxd5 17. Qe1 Qxe5 18. Bc4 Bd5 19. Bf4 Qe6 20. Be2 Bd6 21. Be3 Rf8 22. b3 f5 23. Bf4 Bxf4 24. Rxf4 e3 25. Rd1 Be4 26. c4 Rad8 27. Rxd8 Rxd8 28. Kg1 Qg6 29. Bf3 Bxf3 30. Rxf3 Rd2 31. g3 Qh5 32. h4 0-1

[Event "Open Aubagne 2024/25"]
[White "Leonti, Denis"]
[Black "Gamblin, Vincent"]
[Site "AubagneGNE"]
[Round "7.13"]
[Board "13"]
[Result "1/2-1/2"]
[Date "2025.01.25"]
[WhiteElo "1485"]
[BlackElo "1651"]
[PlyCount "118"]
[GameId "2139145506996484"]
[WhiteTeam "Hay Chess"]
[BlackTeam "L'Echiquier du Roy René"]

{[%evp 0,118,41,26,40,57,57,32,54,-17,17,16,38,14,11,3,17,1,70,52,63,54,135,38,159,32,28,17,47,34,34,30,52,23,18,9,22,29,36,41,84,25,30,25,51,43,48,48,58,37,51,-22,-16,-28,81,81,94,59,56,56,249,262,382,356,366,300,381,387,756,756,790,359,389,411,431,460,644,579,622,440,440,513,563,563,563,-616,880,-939,712,611,893,783,1016,656,29977,705,1459,722,737,792,1439,618,794,1016,1439,1016,1016,541,29977,1016,1016,744,1016,1022,1172,627,29979,662,1004,977,977]} 1. e4 c5 2. Nc3 e6 3. g3 a6 4. a4 Nc6 5. Bg2 Nge7 6. d3 d5 7. exd5 exd5 8. Nge2 g6 9. Bg5 Be6 10. Nf4 Bg7 11. O-O h6 12. Nxe6 fxe6 13. Bxe7 Nxe7 14. Re1 Qd6 15. Qg4 e5 16. Nd1 h5 17. Qe2 O-O-O 18. c4 dxc4 19. dxc4 Qd3 20. Ne3 Qxe2 21. Rxe2 Rd4 22. Nd5 Nxd5 23. Bxd5 h4 24. Rb1 a5 25. f4 hxg3 26. hxg3 Kd7 27. fxe5 Rg4 28. e6+ Ke7 29. Kg2 Rh5 30. Bf3 Rxc4 31. Bxh5 gxh5 32. b3 Rb4 33. Rf1 Bh6 34. Rf7+ Ke8 35. Rf5 Rxb3 36. Rxc5 b6 37. Rxh5 Re3 38. Rxe3 Bxe3 39. g4 {(Pion g3 en g5 joué, coup illégal)} Ke7 40. Kf3 Bc1 41. Ke4 Kxe6 42. Rh6+ Kd7 43. Kf5 Be3 44. Re6 Bg5 {( Sur l'échiquier Fxg5 voir remarque 39em coup)} 45. Rxb6 Be3 46. Rb5 Bd2 47. Ke4 Kc6 48. Rh5 Bc3 49. Kd3 Bb4 50. Kc4 Bd2 51. Rf5 Bb4 52. Rf6+ Kc7 53. Kb5 Kb7 54. Rf7+ Kc8 55. Kc6 Kd8 56. Ra7 Bc3 57. Kd5 Kc8 58. Kd6 Bb4+ 59. Kc6 Kd8 1/2-1/2

[Event "Open Aubagne 2024/25"]
[White "Normand, Christophe"]
[Black "Rocchia, Alex"]
[Site "AubagneGNE"]
[Round "7.15"]
[Board "15"]
[Result "1-0"]
[Date "2025.01.25"]
[WhiteElo "1541"]
[BlackElo "1515"]
[PlyCount "81"]
[GameId "2139143252431089"]
[WhiteTeam "Club d'Echecs Pennois (CEP)"]
[BlackTeam "Cercle d'Echecs Aubagnais"]

1. e4 e5 2. Nf3 Nc6 3. Bb5 Bc5 4. c3 a6 5. Ba4 b5 6. Bb3 Nf6 7. d4 exd4 8. cxd4 Bb4+ 9. Bd2 Nxe4 10. Bxb4 Nxb4 11. a3 Nc6 12. Bd5 Nf6 13. Qe2+ Qe7 14. Qxe7+ Kxe7 15. Bxc6 dxc6 16. O-O Re8 17. Re1+ Kf8 18. Rxe8+ Nxe8 19. Nc3 Nf6 20. h3 Bb7 21. Ng5 Rd8 22. Rd1 h6 23. Nge4 Nxe4 24. Nxe4 Re8 25. Nc5 Bc8 26. Kf1 g6 27. b4 Kg7 28. Re1 Rxe1+ 29. Kxe1 Kf6 30. Kd2 Kf5 31. Ke3 g5 32. Nd3 f6 33. g4+ Kg6 34. f4 h5 35. f5+ Kh6 36. Nc5 Kg7 37. Ke4 Kf7 38. gxh5 Kg7 39. Ne6+ Bxe6 40. fxe6 Kf8 41. Kf5 1-0

[Event "Open Aubagne 2024/25"]
[White "Periale, Albert"]
[Black "Innocenti, Georges"]
[Site "AubagneGNE"]
[Round "7.18"]
[Board "18"]
[Result "0-1"]
[Date "2025.01.25"]
[WhiteElo "1468"]
[BlackElo "1399"]
[PlyCount "58"]
[GameId "2139141666492636"]
[WhiteTeam "Cercle d'Echecs Aubagnais"]
[BlackTeam "La Dame de la Sainte Baume"]

1. d4 d5 2. Nf3 Nf6 3. c3 Bg4 4. e3 Bxf3 5. Qxf3 e6 6. Bd3 Nc6 7. Nd2 Qd7 8. Bc2 Be7 9. e4 dxe4 10. Nxe4 O-O-O 11. Be3 e5 12. Ba4 Qg4 13. Bd1 Qxe4 14. Qxe4 Nxe4 15. Bf3 Nf6 16. Bxc6 bxc6 17. dxe5 Ng4 18. Bxa7 c5 19. b4 Kb7 20. Bxc5 Bxc5 21. bxc5 Nxe5 22. O-O Rd5 23. f4 Nd7 24. Rad1 Rxd1 25. Rxd1 Nxc5 26. Rd5 Kc6 27. c4 Na4 28. Ra5 Nb2 29. c5 Nd3 0-1

[Event "Open Aubagne 2024/25"]
[White "Pala, Gerard"]
[Black "Engles, Simeon"]
[Site "AubagneGNE"]
[Round "7.20"]
[Board "20"]
[Result "1-0"]
[Date "2025.01.25"]
[WhiteElo "1495"]
[BlackElo "1299"]
[PlyCount "119"]
[GameId "2139137474285754"]
[WhiteTeam "Cercle d'Echecs Aubagnais"]
[BlackTeam "Hay Chess"]

1. d4 d5 2. Nc3 Nf6 3. Bf4 Nc6 4. Nb5 e5 5. dxe5 Ng4 6. Nf3 Bc5 7. e3 a6 8. Nc3 d4 9. exd4 Nxd4 10. Ne4 Nxf3+ 11. Qxf3 O-O 12. Nxc5 Qd4 13. Nd3 Qc4 14. Qe2 Bf5 15. h3 Nh6 16. Bxh6 Bxd3 17. cxd3 Qb4+ 18. Bd2 Qxb2 19. Qd1 Qxe5+ 20. Be3 Qc3+ 21. Bd2 Rae8+ 22. Be2 Qc6 23. O-O Qe6 24. Re1 Qg6 25. Bb4 Re5 26. Bxf8 Kxf8 27. Qb3 Rg5 28. Bf3 Qf6 29. Qb4+ c5 30. Qxb7 g6 31. Kf1 Re5 32. Rxe5 Qxe5 33. Rd1 Qh2 34. Ke2 Qe5+ 35. Qe4 Qb2+ 36. Rd2 Qc3 37. g4 Kg7 38. h4 f5 39. gxf5 gxf5 40. Qxf5 c4 41. d4 Qa3 42. d5 c3 43. Rc2 Qc5 44. Qe5+ Kg6 45. h5+ Kf7 46. Rxc3 Qb5+ 47. Rd3 Qa5 48. Qe6+ Kg7 49. h6+ Kf8 50. a3 Qb5 51. Bh5 Qb2+ 52. Ke3 Qc1+ 53. Ke2 Qc2+ 54. Ke3 Qc1+ 55. Kd4 Qf4+ 56. Qe4 Qxf2+ 57. Qe3 Qh4+ 58. Qe4 Qf6+ 59. Kc4 Qc6+ 60. dxc6 1-0

[Event "Open Aubagne 2024/25"]
[White "Peucelle, Richard"]
[Black "Mouhieddine, Marouane"]
[Site "AubagneGNE"]
[Round "7.22"]
[Board "22"]
[Result "1/2-1/2"]
[Date "2025.01.25"]
[WhiteElo "1399"]
[BlackElo "1299"]
[PlyCount "65"]
[GameId "2139135392813095"]
[WhiteTeam "Cercle d'Echecs Aubagnais"]
[BlackTeam "Cassis Echecs"]

{[%evp 0,9,19,38,25,16,14,14,15,10,24,23]} 1. e4 e5 2. Nf3 Nc6 3. Bc4 Nf6 4. d3 d5 5. exd5 Nxd5 6. Bxd5 Qxd5 7. Nc3 Bb4 8. Bd2 Bxc3 9. Bxc3 Bg4 10. h3 Bxf3 11. Qxf3 O-O-O 12. Qg4+ Qe6 13. Qxg7 h5 14. Qg3 Nd4 15. Bxd4 exd4+ 16. Kd2 Rhg8 17. Rhe1 Qxe1+ 18. Rxe1 Rxg3 19. fxg3 b6 20. c3 dxc3+ 21. Kxc3 Rg8 22. Re3 c5 23. Kd2 Kb7 24. Ke2 Ka6 25. Kf2 Kb5 26. Re4 f5 27. Rf4 Rg5 28. h4 Rg6 29. a3 Rd6 30. a4+ Ka5 31. Ke3 b5 32. b3 Rg6 33. Kf3 1/2-1/2

[Event "Open Aubagne 2024/25"]
[Site "AubagneGNE"]
[Date "2025.03.01"]
[Round "8.1"]
[Board "1"]
[White "Madi, Walid"]
[Black "Maffone, Jean-Charles"]
[Result "1-0"]
[WhiteElo "1855"]
[BlackElo "1710"]
[PlyCount "43"]
[GameId "2152534692171815"]
[WhiteTeam "Cercle d'Echecs Aubagnais"]
[BlackTeam "Cercle d'Echecs Aubagnais"]

1. d4 Nf6 2. c4 e6 3. Nf3 b6 4. Nc3 d5 5. Bg5 Be7 6. Qc2 Bb7 7. cxd5 Nxd5 8. Bxe7 Qxe7 9. e4 Nf6 10. Bd3 h6 11. O-O O-O 12. Rfe1 c6 13. e5 Nd5 14. a3 Nc7 15. Ne4 Ne8 16. Nfd2 f5 17. Nd6 Nxd6 18. exd6 Qxd6 19. Rxe6 Qxd4 20. Bc4 Kh8 21. Nf3 Qf4 22. Ne5 1-0

[Event "Open Aubagne 2024/25"]
[Site "AubagneGNE"]
[Date "2025.03.01"]
[Round "8.3"]
[Board "3"]
[White "Maggio, Lucas"]
[Black "Kuntz, Tom"]
[Result "0-1"]
[WhiteElo "1770"]
[BlackElo "1857"]
[PlyCount "66"]
[GameId "2152535893790790"]
[WhiteTeam "Cercle d'Echecs Aubagnais"]
[BlackTeam "Marseille Passion Echecs"]

1. e4 e6 2. d4 d5 3. Nd2 c5 4. exd5 Qxd5 5. Ngf3 Nf6 6. Bc4 Qd8 7. O-O Be7 8. dxc5 Bxc5 9. Nb3 Qxd1 10. Rxd1 Bb6 11. Nbd4 O-O 12. Bf4 Nbd7 13. a4 a6 14. a5 Ba7 15. Re1 Re8 16. Rad1 b5 17. axb6 Nxb6 18. Bf1 Nbd5 19. Bg3 Bb8 20. Bxb8 Rxb8 21. c4 Nb4 22. b3 Nd7 23. Nf5 Nc5 24. Nd6 Rf8 25. Nxc8 Rfxc8 26. Nd4 Rd8 27. Re5 Nxb3 28. Nxb3 Rxd1 29. c5 Nd5 30. Na5 Rbb1 31. g3 Rxf1+ 32. Kg2 Rfc1 33. c6 Rb5 0-1

[Event "Open Aubagne 2024/25"]
[Site "Aubagne"]
[Date "2025.03.01"]
[Round "8.4"]
[White "Roger, Patrick"]
[Black "Vrillet, Loan"]
[Result "0-1"]
[WhiteElo "1710"]
[BlackElo "1736"]
[PlyCount "126"]
[WhiteTeam "Echiquier Marseillais 1872"]
[BlackTeam "Cercle d'Echecs Aubagnais"]

1. e4 e5 2. Nf3 Nc6 3. Bc4 Bc5 4. c3 Nf6 5. d3 d6 6. O-O O-O 7. h3 h6 8. Re1
Bb6 9. Nbd2 Ne7 10. Nf1 Ng6 11. d4 Re8 12. Qb3 Qe7 13. Ng3 Be6 14. Be3 Bxc4 15.
Qxc4 Rad8 16. Nf5 Qd7 17. d5 Bxe3 18. Rxe3 Nf4 19. Nd2 Rc8 20. Rg3 N4h5 21. Re3
Kh7 22. Ng3 Nf4 23. Ne2 Ng6 24. Qd3 Kh8 25. c4 Nh5 26. b4 Nhf4 27. Nxf4 Nxf4
28. Qf1 f5 29. Rae1 Rf8 30. c5 Rf6 31. exf5 Nxd5 32. Rg3 Rxf5 33. Qd3 Rcf8 34.
Qxd5 Rxf2 35. Rf3 R2xf3 36. Nxf3 Qb5 37. Qe4 Rf4 38. Qc2 Qxb4 39. Rc1 d5 40.
Qc3 Qxc3 41. Rxc3 d4 42. Rb3 Re4 43. Kf2 b6 44. cxb6 axb6 45. Nd2 Rf4+ 46. Kg3
Rf6 47. Rb5 c5 48. Ne4 Re6 49. Kf3 c4 50. Ke2 Kh7 51. Kd2 Kg6 52. g4 h5 53. Rb1
hxg4 54. hxg4 Rc6 55. Kc2 Kf7 56. Rf1+ Ke6 57. Ng5+ Kd5 58. Rf7 Rg6 59. Rf5 Rf6
60. Rxf6 gxf6 61. Nh3 Ke4 62. g5 fxg5 63. Nxg5+ Ke3 0-1

[Event "Open Aubagne 2024/25"]
[Site "Aubagne"]
[Date "2025.03.01"]
[Round "8.5"]
[White "Belaid, Noa"]
[Black "Arlot, Bastien"]
[Result "1-0"]
[WhiteElo "1697"]
[BlackElo "1617"]
[PlyCount "85"]
[WhiteTeam "Hay Chess"]
[BlackTeam "Hay Chess"]

1. e4 e5 2. Nf3 Nc6 3. Bc4 Nf6 4. d3 h6 5. Nc3 d6 6. h3 Na5 7. Bb3 c6 8. O-O
Be7 9. Re1 O-O 10. d4 Qc7 11. Be3 Rd8 12. Qe2 Nxb3 13. axb3 b6 14. Na4 Bb7 15.
dxe5 dxe5 16. Nc3 Bb4 17. Bd2 Be7 18. Qc4 a6 19. Na2 Qd6 20. Bc3 Nd7 21. Rad1
Qc7 22. Nb4 Bxb4 23. Bxb4 c5 24. Bc3 b5 25. Qf1 b4 26. Bd2 a5 27. Nh4 Ba6 28.
Re2 Nb6 29. Qe1 Bxe2 30. Qxe2 c4 31. Rc1 Qd6 32. Be3 cxb3 33. Nf5 Qe6 34. Qg4
g5 35. cxb3 Nd7 36. Rc6 Nf6 37. Qf3 Qxb3 38. Nxh6+ Kh7 39. Qxf6 Qd1+ 40. Kh2
Qh5 41. Nxf7 Rf8 42. Nxg5+ Kg8 43. Qe6+ 1-0

[Event "Open Aubagne 2024/25"]
[Site "AubagneGNE"]
[Date "2025.03.01"]
[Round "8.6"]
[Board "6"]
[White "Engles, Pierre"]
[Black "Madi, Chahinez"]
[Result "0-1"]
[WhiteElo "1653"]
[BlackElo "1768"]
[PlyCount "88"]
[GameId "2152538120433753"]
[WhiteTeam "Hay Chess"]
[BlackTeam "Cercle d'Echecs Aubagnais"]

1. e4 c5 2. d4 cxd4 3. c3 Nf6 4. e5 Nd5 5. Qxd4 e6 6. Nf3 Nc6 7. Qe4 d6 8. c4 Nb6 9. b3 dxe5 10. Nxe5 Bb4+ 11. Bd2 Bxd2+ 12. Nxd2 Nb4 13. a3 Nc2+ 14. Qxc2 Qd4 15. Rd1 Qxe5+ 16. Qe4 Qb2 17. c5 Nd7 18. Bb5 Qxa3 19. c6 bxc6 20. Bxc6 Rb8 21. Qe5 O-O 22. Bxd7 Bxd7 23. O-O Bc6 24. Qe3 Bb5 25. Ra1 Qb4 26. Rfc1 a6 27. h3 h6 28. Rc5 Rfd8 29. Rd1 Be2 30. Rc7 Bxd1 31. Nc4 Bxb3 32. Qf4 Rf8 33. Kh2 Bxc4 34. Rxc4 Qb6 35. g4 e5 36. Qg3 Rbc8 37. Re4 Rc2 38. Kg2 Qc6 39. Qd3 Qc5 40. Qg3 Qd5 41. Qf3 Rc3 42. Qe2 Qd3 43. Re3 Qxe2 44. Rxe2 f6 0-1

[Event "Open Aubagne 2024/25"]
[Site "Aubagne"]
[Date "2025.03.01"]
[Round "8.7"]
[White "Engles, Baptiste"]
[Black "Hammami, Hakim"]
[Result "1-0"]
[WhiteElo "1646"]
[BlackElo "1759"]
[PlyCount "39"]
[WhiteTeam "Hay Chess"]
[BlackTeam "Cercle d'Echecs Aubagnais"]

1. e4 c6 2. d4 d5 3. e5 Bf5 4. h4 h6 5. Bd3 Bxd3 6. Qxd3 e6 7. Nc3 c5 8. Nge2
Nc6 9. Qb5 c4 10. Qxb7 Nge7 11. b3 Rb8 12. Qa6 Nb4 13. Qa4+ Nec6 14. bxc4 dxc4
15. a3 Nxc2+ 16. Qxc2 Nxd4 17. Qa4+ Nc6 18. Qxc6+ Qd7 19. Qxd7+ Kxd7 20. Be3
1-0

[Event "Open Aubagne 2024/25"]
[Site "AubagneGNE"]
[Date "2025.03.01"]
[Round "8.8"]
[Board "8"]
[White "Battaglia, Gerard"]
[Black "Camus, Evan"]
[Result "0-1"]
[WhiteElo "1723"]
[BlackElo "1479"]
[PlyCount "86"]
[GameId "2152540663361642"]
[WhiteTeam "Echiquier Marseillais 1872"]
[BlackTeam "Hay Chess"]

1. d4 f5 2. Bg5 g6 3. c4 Bg7 4. Nc3 Nf6 5. e3 d6 6. Nf3 O-O 7. Bd3 Nc6 8. d5 Nb4 9. Bb1 a5 10. a3 Na6 11. Nd4 Qe8 12. Ba2 Kh8 13. O-O Bd7 14. Qc2 e5 15. dxe6 Bxe6 16. Rad1 Bd7 17. Bf4 Nh5 18. Nd5 Nxf4 19. Nxf4 Qe5 20. Rd2 Nc5 21. Nf3 Qe4 22. Qd1 Bc6 23. Nd4 g5 24. Nxc6 gxf4 25. Nd4 fxe3 26. fxe3 Qxe3+ 27. Kh1 Ne4 28. Ne6 Nxd2 29. Re1 Qh6 30. Nxf8 Rxf8 31. Re2 Be5 32. g3 Ne4 33. Kg2 f4 34. Rxe4 f3+ 35. Kf2 Qxh2+ 36. Ke3 f2 37. Qf1 Qg1 38. Ke2 Qxg3 39. Bb1 Qf3+ 40. Kd2 Bf4+ 41. Rxf4 Rxf4 42. Bc2 Rd4+ 43. Kc1 Qe3+ 0-1

[Event "Open Aubagne 2024/25"]
[Site "Aubagne"]
[Date "2025.03.01"]
[Round "8.9"]
[White "Gomez, Guy"]
[Black "Deregnaucourt, Yves"]
[Result "1-0"]
[WhiteElo "1664"]
[BlackElo "1700"]
[PlyCount "77"]
[WhiteTeam "Cercle d'Echecs Aubagnais"]
[BlackTeam "Cercle d'Echecs Aubagnais"]

1. e4 e5 2. Nf3 Nc6 3. Bc4 Bc5 4. O-O Nf6 5. d3 d6 6. h3 Be6 7. Nbd2 h6 8. c3
Bb6 9. Bb5 a6 10. Ba4 O-O 11. Re1 Ne7 12. d4 Ng6 13. Nf1 Bd7 14. Bc2 Re8 15.
Ng3 c6 16. Nf5 Bc7 17. Bxh6 gxh6 18. Nxh6+ Kg7 19. Ng5 Be6 20. Nxe6+ Rxe6 21.
Nf5+ Kh7 22. d5 cxd5 23. exd5 Re8 24. Qd2 Ng8 25. Re4 Nf4 26. Rxf4 exf4 27.
Qxf4 Qf6 28. Nxd6+ Kg7 29. Nxe8+ Rxe8 30. Qxc7 Re7 31. Qg3+ Kf8 32. Rd1 Nh6 33.
d6 Rd7 34. Qd3 Qe5 35. Qd4 Qe2 36. Bh7 Ng8 37. Bxg8 Kxg8 38. Qg4+ Qxg4 39. hxg4
1-0